Xây dựng và ứng dụng phương pháp giải bài toán khảo sát trạng thái cân bằng của quần thể theo định luật Hardy - Weinberg - Phần di truyền học - Sinh học 12 - THPT

Tổng quan tài liệu. Đối tượng và phương pháp nghiên cứu. Kết quả nghiên cứu

Spremljeno u:
Bibliografski detalji
Glavni autor: Võ, Thị Hiền
Daljnji autori: Trương, Thị Thanh Mai Th.S (Hướng dẫn)
Format: Knjiga
Jezik:Vietnamese
Izdano: Đại học Đà Nẵng Trường đại học Sư Phạm 2011
Serija:Khóa luận tốt nghiệp Đại học. Chuyên ngành: Sư phạm Sinh
Teme:
Oznake: Dodaj oznaku
Bez oznaka, Budi prvi tko označuje ovaj zapis!
Thư viện lưu trữ: Mạng thư viện Đại học Đà Nẵng
LEADER 01554nam a2200349 4500
001 000011431
003 7678
005 20120204100223.0
008 120204s2011 viesd
041 |a vie 
072 |a Khóa luận tốt nghiệp 
082 |a 570  |b VO-H 
100 |a Võ, Thị Hiền 
245 |a Xây dựng và ứng dụng phương pháp giải bài toán khảo sát trạng thái cân bằng của quần thể theo định luật Hardy - Weinberg - Phần di truyền học - Sinh học 12 - THPT  |c Võ, Thị Hiền 
260 |a Đại học Đà Nẵng  |b Trường đại học Sư Phạm  |c 2011 
300 |a 58 tr.  |b biểu đồ  |c 29 cm 
490 |a Khóa luận tốt nghiệp Đại học. Chuyên ngành: Sư phạm Sinh 
500 |a Tham khảo + phụ lục tr.56 - 58 
520 |a Tổng quan tài liệu. Đối tượng và phương pháp nghiên cứu. Kết quả nghiên cứu 
653 |a Khóa luận tốt nghiệp đại học 
653 |a Khoa Sinh - Môi Trường 
700 |a Trương, Thị Thanh Mai  |c Th.S  |e Hướng dẫn 
OWN |a LSP 
AVA |a UDN50  |b LSP  |d 570 VO-H  |e available  |t Error 5001 Not defined in file expand_doc_bib_avail.  |f 1  |g 0  |h N  |i 0  |k 1 
999 |a From the UDN01 
AVA |a UDN50  |b LSP  |d 570 VO-H  |e available  |t Error 5001 Not defined in file expand_doc_bib_avail.  |f 1  |g 0  |h N  |i 0  |k 1 
TYP |a Monograph 
TYP |a Printed language 
980 |a Mạng thư viện Đại học Đà Nẵng